Prénoms connus des Minions par anagramme - Statistiques

Statistiques générales
  • Ce quiz a été pris 186 fois
  • Le résultat moyen est 15 sur 25
Statistiques - réponses
Anagramme Noms des Minions % Correct
OBB Bob
96%
TMO Tom
87%
ELM Mel
85%
VKNEI Kevin
84%
MTI Tim
84%
AEDV Dave
83%
ENK Ken
83%
LHIP Phil
75%
JNHO John
74%
RAMK Mark
71%
LAPU Paul
70%
IEKM Mike
66%
LCRA Carl
65%
TSEEV Steve
64%
HJSO Josh
63%
EMIR Remi
60%
TRAUTS Stuart
59%
HCISR Chris
46%
YERJR Jerry
45%
ROEJG Jorge
41%
RLAYR Larry
37%
NDOYN Donny
26%
CLEAN Lance
18%
WRDANI Darwin
14%
TBOENRR Norbert
14%
Aucun quiz correspondant
Distribution des résultats
% des personnes avec chaque résultat
Percentile par nombre de réponses
Votre historique - résultats
Vous n’avez pas pris ce quiz